[Event "London Classic Open 2014"]
[Site "London ENG"]
[Date "2014.12.09"]
[Round "2.87"]
[White "Verma, Aditya"]
[Black "Wood, Peter R"]
[Result "1-0"]
[WhiteElo "1611"]
[BlackElo "1941"]
[WhiteFideId "426202"]
[BlackFideId "422215"]
[EventDate "2014.12.08"]

1. e4 e6 2. d4 d5 3. e5 c5 4. c3 Nc6 5. Nf3 Nh6 6. Bxh6 gxh6 7. g3 Bd7 8. Bg2
Qb6 9. Qd2 Bg7 10. O-O O-O 11. Na3 f6 12. Rfe1 fxe5 13. Nxe5 Nxe5 14. dxe5 Rf7
15. f4 Bc6 16. Bh3 Re8 17. Nc2 Bb5 18. a4 Bc4 19. Ne3 Bb3 20. a5 Qc7 21. Ra3 c4
22. Bg4 Bf8 23. Raa1 Rg7 24. Bh5 Rd8 25. Ng4 Bc5+ 26. Kg2 d4 27. Nf6+ Kh8 28.
Ne8 Qc6+ 29. Kh3 Rxe8 30. Bxe8 Qxe8 31. cxd4 Rd7 32. Re4 Qh5+ 33. Kg2 c3 34.
bxc3 Bd5 35. Re1 Qg6 36. Qe2 Qxe4+ 37. Qxe4 Bxe4+ 38. Rxe4 Be7 39. c4 Bb4 40. d5
Bxa5 41. dxe6 Rd2+ 42. Kh3 Kg8 43. f5 Kf8 44. f6 Bb4 45. Rg4 Re2 46. Rd4 Rd2 47.
e7+ Ke8 48. Rg4 Bxe7 49. fxe7 a5 50. Rg8+ Kxe7 51. Rg7+ Ke6 52. Rxb7 Kxe5 53.
Rb5+ Kd4 54. Rxa5 Kxc4 55. Ra6 Rd7 56. Rxh6 Kd4 57. Re6 Kd5 58. Re1 Ra7 59. Kh4
Kd6 60. g4 Ra2 61. h3 Ra3 62. Re4 Rb3 63. g5 Ra3 64. Rf4 Ra7 65. Kh5 Ke5 66. Rf6
Rb7 67. h4 Ra7 68. Kh6 Rb7 69. h5 Ra7 70. Rb6 Kf5 71. g6 hxg6 72. hxg6 Ra2 73.
Kg7 Ra7+ 74. Kg8 Ra8+ 75. Kh7 Ra2 76. g7 1-0

[Event "London Classic Open 2014"]
[Site "London ENG"]
[Date "2014.12.09"]
[Round "2.89"]
[White "Van Zyl-Rudd, Jack"]
[Black "Cohen, Ronnie"]
[Result "0-1"]
[WhiteElo "1564"]
[BlackElo "1929"]
[WhiteFideId "14310929"]
[BlackFideId "412082"]
[EventDate "2014.12.08"]

1. d4 Nf6 2. c4 g6 3. Nc3 Bg7 4. e4 d6 5. f3 O-O 6. Be3 e5 7. Nge2 c6 8. Qd2 Qc7
9. O-O-O a6 10. Kb1 b5 11. dxe5 dxe5 12. Bc5 Re8 13. Bd6 Qa7 14. Nc1 Be6 15. h3
Nbd7 16. Be2 Nh5 17. cxb5 axb5 18. a3 Ng3 19. Rhg1 Nxe2 20. Qxe2 Bh6 21. g4 Be3
22. Rge1 Bd4 23. Qc2 Nb6 24. N1e2 Bf2 25. Rf1 Nc4 26. Nf4 exf4 27. Qxf2 Ne3 28.
Bxf4 Nxd1 29. Nxd1 Qxf2 30. Nxf2 Red8 31. Rc1 Rac8 32. Bg5 Rd4 33. e5 Bd5 34.
Rc3 Kf8 35. Be3 Ra4 36. Bc5+ Ke8 37. g5 Kd7 38. b4 Ke6 39. Ng4 Kf5 40. h4 Bxf3
41. Rxf3+ Kxg4 42. Rxf7 Re8 43. Re7 Rxe7 44. Bxe7 Rxa3 45. Kb2 Re3 46. Bf6 Kxh4
47. Kc2 Kg4 48. Kd2 Re4 0-1

[Event "London Classic Open 2014"]
[Site "London ENG"]
[Date "2014.12.09"]
[Round "2.91"]
[White "Nettleton, Charlie B"]
[Black "Strand, Oyvin"]
[Result "1/2-1/2"]
[WhiteElo "1910"]
[BlackElo "1877"]
[WhiteFideId "419710"]
[BlackFideId "1507230"]
[EventDate "2014.12.08"]

1. d4 d5 2. Bf4 e6 3. e3 Bd6 4. Qg4 g6 5. Bg5 f6 6. Bh4 Nh6 7. Qf3 Nf5 8. Bg3
Nxg3 9. hxg3 Qe7 10. Bd3 f5 11. g4 c6 12. Ne2 Nd7 13. gxf5 exf5 14. c4 dxc4 15.
Bxc4 Nb6 16. Bd3 Be6 17. Nbc3 Nd5 18. Rc1 O-O 19. a3 Rae8 20. Na4 Nf6 21. Nf4
Bxf4 22. Qxf4 Bd5 23. O-O Nh5 24. Qh6 Nf6 25. Qh4 Kh8 26. Nc3 Bf7 27. b4 a6 28.
a4 Nd5 29. Qxe7 Rxe7 30. Nxd5 Bxd5 31. b5 axb5 32. axb5 f4 33. Rfe1 fxe3 34.
Rxe3 Ref7 35. f3 Rd8 36. Rce1 Kg7 37. Kf2 Kf6 38. b6 Rfd7 39. Rh1 Bg8 40. Rh4
Rxd4 41. Be4 R4d7 42. Rf4+ Kg7 43. Bb1 Bd5 44. Ra4 Kf6 45. Ra7 Kf7 46. g4 Kg7
47. Kg3 Rf8 48. Bc2 Rdf7 49. Bd1 Rd7 50. Be2 Rff7 51. f4 Rfe7 52. Rxe7+ Rxe7 53.
Ba6 c5 54. Bf1 Re3+ 55. Kh4 h6 56. g5 hxg5+ 57. fxg5 Re7 58. Ra5 Re4+ 59. Kg3
Re5 60. Rxc5 Rxg5+ 61. Kf2 Rf5+ 62. Ke1 Bc6 63. Rc3 Re5+ 64. Kd2 Kf6 65. Be2 g5
66. Rc1 Re6 67. Bg4 Rd6+ 68. Ke3 Bd7 69. Bxd7 Rxd7 70. Rc7 Re7+ 71. Kf3 Ke6 72.
Rc5 Rf7+ 73. Ke3 g4 74. Rg5 Kd6 75. Rxg4 Kc6 76. Rg6+ Kc5 77. Kd3 Rd7+ 78. Kc3
Rd6 79. Rg7 Kxb6 80. Kb4 Rh6 81. Rg4 Ka6 82. Rf4 b6 83. Rg4 Rh1 84. Rg6 Rb1+ 85.
Ka4 Re1 86. Rg4 b5+ 87. Kb4 Rb1+ 88. Ka3 Ka5 89. Rg5 Rh1 90. Rg3 b4+ 91. Kb3
Rb1+ 92. Ka2 Rh1 93. Kb3 Rb1+ 1/2-1/2

[Event "London Classic Open 2014"]
[Site "London ENG"]
[Date "2014.12.09"]
[Round "2.92"]
[White "Ali, Niall"]
[Black "Basson, Heinrich"]
[Result "1-0"]
[WhiteElo "1553"]
[BlackElo "1899"]
[WhiteFideId "430528"]
[BlackFideId "14301440"]
[EventDate "2014.12.08"]

1. Nf3 d5 2. g3 c5 3. Bg2 Nf6 4. O-O g6 5. d4 Nc6 6. c3 b6 7. Nbd2 Bg7 8. Ne5
Bb7 9. e3 O-O 10. f4 e6 11. Qe2 Qc8 12. Qf2 Nd7 13. e4 dxe4 14. Nxe4 Qc7 15.
Nxd7 Qxd7 16. dxc5 Ba6 17. Re1 Rab8 18. Be3 b5 19. Nd6 b4 20. Bd4 Nxd4 21. cxd4
Bb5 22. Rad1 Bc6 23. d5 exd5 24. Bxd5 Bxd5 25. Rxd5 Qc6 26. Rd2 a5 27. Rc2 b3
28. axb3 Rb4 29. Nc4 Qb5 30. Ne5 Rc8 31. Rec1 Rxb3 32. Qe2 Qxe2 33. Rxe2 Bxe5
34. fxe5 Kf8 35. Rc4 Ke7 36. c6 Rb5 37. c7 Kd7 38. Rd2+ Ke7 39. Re2 Ke6 40. Rd2
Ke7 41. Re2 Rb7 42. Rec2 Kd7 43. Kf2 Rbxc7 44. Rxc7+ Rxc7 45. Rxc7+ Kxc7 46. Ke3
Kc6 47. Kd4 h6 48. h3 h5 49. Kc4 g5 50. h4 g4 51. b3 Kb6 52. Kd5 Kb5 53. Kd6 Kb4
54. Ke7 Kxb3 55. Kxf7 a4 56. e6 a3 57. e7 a2 58. e8=Q a1=Q 59. Qb5+ Kc2 60. Kg6
Qe1 61. Qc5+ Kd3 62. Kxh5 Qe8+ 63. Kxg4 Qg6+ 64. Qg5 Qe4+ 65. Kh5 Qh7+ 66. Kg4
Qe4+ 67. Qf4 Qg6+ 68. Kh3 Qe6+ 69. g4 Qe2 70. Qd6+ Kc3 71. Qg3+ Kd4 72. Qg1+ Kc3
73. h5 Qe6 74. Qg3+ Kd4 75. Qf4+ Kc3 76. h6 Qg6 77. Qc7+ Kd2 78. Qd7+ Ke2 79.
Qb5+ Kd2 80. Qb2+ Ke1 81. Qc1+ Ke2 82. Qf4 Kd1 83. g5 Qh5+ 84. Kg2 Qe2+ 85. Kh3
Qh5+ 86. Kg3 Qg6 87. Qf6 Qh5 88. Qf3+ 1-0

[Event "London Classic Open 2014"]
[Site "London ENG"]
[Date "2014.12.10"]
[Round "3.1"]
[White "Tkachiev, Vladislav"]
[Black "Adair, James R"]
[Result "1-0"]
[WhiteTitle "GM"]
[BlackTitle "IM"]
[WhiteElo "2629"]
[BlackElo "2428"]
[WhiteFideId "618438"]
[BlackFideId "406252"]
[EventDate "2014.12.08"]

1. d4 Nf6 2. c4 e6 3. g3 d5 4. Bg2 Bb4+ 5. Bd2 Be7 6. Nf3 O-O 7. O-O c6 8. Qc2
b6 9. Rd1 Nbd7 10. Bf4 Bb7 11. Ne5 Nh5 12. Bd2 Nhf6 13. cxd5 cxd5 14. Nc6 Bxc6
15. Qxc6 Rc8 16. Qb5 Qc7 17. Nc3 Qb7 18. Qd3 Nb8 19. e4 dxe4 20. Nxe4 Qd7 21.
Nxf6+ Bxf6 22. Be3 Rfd8 23. Qe2 Qa4 24. d5 Rc2 25. Qh5 exd5 26. Bxd5 Qe8 27. Qf5
Rxb2 28. Be4 Rb4 29. Qxh7+ Kf8 30. Rxd8 Qxd8 31. Rc1 Na6 32. Rc8 1-0

[Event "London Classic Open 2014"]
[Site "London ENG"]
[Date "2014.12.10"]
[Round "3.2"]
[White "Hagen, Andreas Skytte"]
[Black "Naroditsky, Daniel"]
[Result "1/2-1/2"]
[WhiteTitle "IM"]
[BlackTitle "GM"]
[WhiteElo "2430"]
[BlackElo "2620"]
[WhiteFideId "1407341"]
[BlackFideId "2026961"]
[EventDate "2014.12.08"]

1. e4 e5 2. Nf3 Nc6 3. Bb5 a6 4. Ba4 Nf6 5. O-O Be7 6. Re1 b5 7. Bb3 d6 8. c3
O-O 9. h3 Nb8 10. d4 Nbd7 11. Nbd2 Bb7 12. Bc2 c5 13. Nf1 cxd4 14. cxd4 exd4 15.
Nxd4 Re8 16. Nf5 Bf8 17. Nxd6 Bxd6 18. Qxd6 Bxe4 19. Bxe4 Nxe4 20. Qd4 Ndc5 21.
Qxd8 Raxd8 22. f3 Nd6 23. Rxe8+ Rxe8 24. Be3 Ne6 25. Rd1 Nf5 26. Kf2 h5 27. Ng3
Nxe3 28. Kxe3 h4 29. Ne4 f5 30. Nc3 g5 31. Kf2 Nf4 32. Rd2 Kf7 33. Ne2 Nxe2 34.
Rxe2 Rxe2+ 35. Kxe2 Ke6 36. b4 Kd5 37. Kd3 Ke5 38. Ke3 f4+ 39. Kd3 Kd5 40. Kc3
Ke5 41. Kd3 Kd5 42. Kc3 Ke5 1/2-1/2

[Event "London Classic Open 2014"]
[Site "London ENG"]
[Date "2014.12.10"]
[Round "3.3"]
[White "Socko, Bartosz"]
[Black "Houska, Jovanka"]
[Result "1-0"]
[WhiteTitle "GM"]
[BlackTitle "IM"]
[WhiteElo "2617"]
[BlackElo "2388"]
[WhiteFideId "1107038"]
[BlackFideId "405094"]
[EventDate "2014.12.08"]

1. e4 c6 2. d4 d5 3. exd5 cxd5 4. Bd3 Nc6 5. c3 Qc7 6. Ne2 Bg4 7. O-O e6 8. Qe1
Bxe2 9. Qxe2 Bd6 10. Qg4 g6 11. h3 Nf6 12. Qf3 Nh5 13. Re1 O-O 14. Bh6 Rfe8 15.
Nd2 Bf4 16. Bxf4 Qxf4 17. Qxf4 Nxf4 18. Bf1 g5 19. a4 Na5 20. b4 Nc6 21. a5 Rac8
22. Ra3 Ne7 23. b5 Nf5 24. Rb1 Nd6 25. b6 a6 26. Rc1 Red8 27. Ra4 Nb5 28. Nb1
Nd6 29. Nd2 Nb5 30. Nb1 Nd6 31. g3 Ng6 32. Nd2 Ne7 33. Nb3 Ne4 34. c4 dxc4 35.
Raxc4 Rxc4 36. Rxc4 Nd6 37. Rc5 Nd5 38. Bg2 Nb5 39. Kf1 Kg7 40. Ke2 Kf6 41. Kd3
Ke7 42. Bh1 h6 43. Bf3 Rd6 44. Rc1 Rd8 45. Bg2 Nb4+ 46. Kc4 Nd5 47. Nc5 Nd6+ 48.
Kd3 h5 49. Bxd5 exd5 50. Re1+ Kf6 51. Re5 Nc4 52. Nxb7 Rd7 53. Nc5 Nxe5+ 54.
dxe5+ Ke7 55. b7 1-0

[Event "London Classic Open 2014"]
[Site "London ENG"]
[Date "2014.12.10"]
[Round "3.4"]
[White "Zumsande, Martin"]
[Black "Lenderman, Aleksandr"]
[Result "0-1"]
[WhiteTitle "IM"]
[BlackTitle "GM"]
[WhiteElo "2428"]
[BlackElo "2608"]
[WhiteFideId "4651324"]
[BlackFideId "2021285"]
[EventDate "2014.12.08"]

1. e4 e6 2. d4 d5 3. Nc3 Bb4 4. a3 Bxc3+ 5. bxc3 dxe4 6. Qg4 Nf6 7. Qxg7 Rg8 8.
Qh6 c5 9. Ne2 Bd7 10. dxc5 Ba4 11. Nd4 Nbd7 12. Rb1 Rg6 13. Qh3 Nxc5 14. Bb5+
Bxb5 15. Rxb5 Qc7 16. O-O a6 17. Rb1 O-O-O 18. Ne2 Rdg8 19. g3 Ncd7 20. Bf4 e5
21. Be3 Ng4 22. Qh5 Qc4 23. Nc1 Qe6 24. Rd1 f5 25. Qxh7 R6g7 26. Qh3 f4 27. Ba7
b5 28. Nb3 Qf5 29. Na5 Rh7 30. Nc6 Kb7 31. Qf1 Rxh2 32. Rxb5+ Ka8 33. Qc4 Rgh8
34. Kf1 Rh1+ 35. Ke2 f3+ 36. Kd2 Qg5+ 37. Be3 Qxe3+ 38. fxe3 Rxd1+ 39. Kxd1
Nxe3+ 0-1

[Event "London Classic Open 2014"]
[Site "London ENG"]
[Date "2014.12.10"]
[Round "3.5"]
[White "Dragun, Kamil"]
[Black "Kiik, Kalle"]
[Result "1-0"]
[WhiteTitle "GM"]
[BlackTitle "IM"]
[WhiteElo "2547"]
[BlackElo "2372"]
[WhiteFideId "1134167"]
[BlackFideId "4500075"]
[EventDate "2014.12.08"]

1. d4 d5 2. c4 e5 3. dxe5 d4 4. Nf3 Nc6 5. g3 Nge7 6. Bg2 Ng6 7. O-O Ngxe5 8.
Nbd2 Be7 9. a3 a5 10. b3 Nxf3+ 11. Nxf3 Bf6 12. Bb2 Bg4 13. Qd2 O-O 14. Qf4 Bxf3
15. Bxf3 Ne5 16. Rad1 c5 17. Bd5 Qb6 18. Rb1 Ng6 19. Qf3 Ne5 20. Qf5 Rae8 21.
Ba1 Ng6 22. Qd3 Re7 23. Rfe1 Rfe8 24. Qd2 h5 25. b4 axb4 26. axb4 h4 27. bxc5
Qxc5 28. Rbd1 h3 29. Kf1 d3 30. Qxd3 Bxa1 31. Rxa1 Ne5 32. Qf5 b5 33. Ra5 Qd4
34. Rxb5 Nxc4 35. Bxc4 Qxc4 36. Rb2 Qc6 37. f3 Re3 38. Rc2 Qb7 39. Rd1 g6 40.
Qg4 Qb3 41. Rdc1 Qb5 42. Re1 Qb3 43. Rd2 Qc3 44. Red1 Kg7 45. Qf4 R8e7 46. g4
Qb3 47. Qd4+ Kh7 48. Rd3 Rxd3 49. Qxd3 Qe6 50. Rd2 Qe5 51. Qd6 Qe3 52. Qd4 Qg5
53. Rd3 Rc7 54. Rd1 Re7 55. Qf2 f5 56. gxf5 gxf5 57. Qg3 Qh6 58. Rd4 Qc1+ 59.
Qe1 Qxe1+ 60. Kxe1 Kg6 61. Rh4 Kg5 62. Rxh3 f4 63. Kf2 Ra7 64. Rh8 Ra2 65. h4+
Kf5 66. Rf8+ Ke5 67. Re8+ Kf5 68. Kg2 Ra1 69. Rf8+ Ke5 70. h5 Re1 71. h6 Rxe2+
72. Kh3 Kd5 1-0

[Event "London Classic Open 2014"]
[Site "London ENG"]
[Date "2014.12.10"]
[Round "3.6"]
[White "Milliet, Sophie"]
[Black "Greenfeld, Alon"]
[Result "1/2-1/2"]
[WhiteTitle "IM"]
[BlackTitle "GM"]
[WhiteElo "2387"]
[BlackElo "2536"]
[WhiteFideId "623725"]
[BlackFideId "2800039"]
[EventDate "2014.12.08"]

1. e4 c5 2. Nf3 d6 3. d4 cxd4 4. Nxd4 Nf6 5. Nc3 Nc6 6. Bg5 e6 7. Qd2 a6 8.
O-O-O Bd7 9. f4 Be7 10. Nf3 b5 11. Bxf6 gxf6 12. Kb1 Qb6 13. f5 O-O-O 14. g3 Kb8
15. fxe6 fxe6 16. Bh3 Bc8 17. Qe1 Rhe8 18. Ne2 Ne5 19. Nfd4 d5 20. exd5 Rxd5 21.
Bg2 Rd6 22. Nb3 Rxd1+ 23. Qxd1 Rd8 24. Qe1 Nc4 25. Nf4 Qe3 26. Bh3 f5 27. Qxe3
Nxe3 28. Re1 Nc4 29. Nd3 e5 30. a3 e4 31. Nf4 Nd2+ 32. Kc1 Nxb3+ 33. cxb3 Bg5
34. Rd1 Rf8 35. a4 bxa4 36. bxa4 Kc7 37. b4 Bd7 38. Rd5 Bxf4+ 39. gxf4 Rf6 40.
Kd2 Rh6 1/2-1/2

[Event "London Classic Open 2014"]
[Site "London ENG"]
[Date "2014.12.10"]
[Round "3.7"]
[White "Sowray, Peter J"]
[Black "Stopa, Jacek"]
[Result "0-1"]
[WhiteTitle "FM"]
[BlackTitle "IM"]
[WhiteElo "2365"]
[BlackElo "2521"]
[WhiteFideId "400971"]
[BlackFideId "1119591"]
[EventDate "2014.12.08"]

1. d4 f5 2. Bg5 g6 3. Nd2 Bg7 4. e3 Nf6 5. h4 h6 6. Bxf6 Bxf6 7. Bd3 e6 8. g4 d5
9. gxf5 exf5 10. Ngf3 Nc6 11. c3 Qd6 12. Qc2 Ne7 13. O-O-O Be6 14. Kb1 O-O-O 15.
Nb3 Kb8 16. Nc5 Bc8 17. Rc1 g5 18. c4 b6 19. Nb3 dxc4 20. Qxc4 g4 21. Nfd2 Bb7
22. Rhf1 Bxh4 23. Qc2 Qd7 24. e4 fxe4 25. Bxe4 Nd5 26. Nc4 Bf6 27. a3 Qg7 28.
Ne3 Bg5 29. Nf5 Qf7 30. Rce1 Rhe8 31. f3 gxf3 32. Rxf3 Nf6 33. Ng3 Qe7 34. d5
Bxd5 35. Nd4 c5 36. Ngf5 Qe5 37. Bxd5 Qxe1+ 38. Ka2 Rxd5 39. Qh2+ Ree5 40. Nb5
Qe4 41. Qg3 Qc4+ 42. Rb3 Qf4 0-1

[Event "London Classic Open 2014"]
[Site "London ENG"]
[Date "2014.12.10"]
[Round "3.8"]
[White "Sadzikowski, Daniel"]
[Black "Cox, John J"]
[Result "1-0"]
[WhiteTitle "IM"]
[BlackTitle "IM"]
[WhiteElo "2492"]
[BlackElo "2361"]
[WhiteFideId "1132253"]
[BlackFideId "401064"]
[EventDate "2014.12.08"]

1. c4 e5 2. g3 c6 3. d4 e4 4. Nc3 d5 5. Bg2 Nf6 6. Bg5 Bb4 7. e3 Bxc3+ 8. bxc3
Nbd7 9. Ne2 h6 10. Bxf6 Nxf6 11. cxd5 cxd5 12. c4 dxc4 13. Qa4+ Bd7 14. Qxc4
Qa5+ 15. Qc3 Qa6 16. Qb2 O-O 17. O-O Bb5 18. Rfe1 Rac8 19. Bh3 Rc7 20. a4 Bd7
21. Bxd7 Nxd7 22. Qb5 Qd6 23. Rec1 Rfc8 24. Rxc7 Rxc7 25. Rc1 Rxc1+ 26. Nxc1 Qc7
27. Nb3 Qc2 28. Kg2 Qd1 29. Nd2 Nf6 30. Nxe4 Qc2 31. Nxf6+ gxf6 32. d5 Qe4+ 33.
Kg1 b6 34. d6 Kf8 35. h4 Qf3 36. Qd3 Ke8 37. d7+ Kd8 38. Qd6 h5 39. Qb8+ Kxd7
40. Qxa7+ Ke8 41. Qxb6 Qd1+ 42. Kg2 Qxa4 43. Qxf6 Qb5 44. Qg5 Qe2 45. Qe5+ Kf8
46. e4 Kg8 47. Qf5 Kf8 48. Qf3 Qb5 49. Qe3 Ke8 50. Kf3 Qd7 51. Kg2 Qb5 52. Qd2
Qc4 53. Kf3 Qe6 54. Qd5 Qg4+ 55. Ke3 Qg6 56. Qg5 Qb6+ 57. Kf3 Qd6 58. Qb5+ Kf8
59. Ke2 Qg6 60. Ke3 Qh6+ 61. Ke2 Qg6 62. Qb8+ Ke7 63. Qe5+ Kf8 64. Ke1 f6 65.
Qc5+ Kg7 66. Qe7+ Kg8 67. Kf1 Kh8 68. Kg1 Kg8 69. Kh2 Kh8 70. Kg2 Kg8 71. Kg1
Kh8 72. Kh2 Kg8 73. Qe6+ Kg7 74. Kh3 Kh8 75. e5 Qe4 76. Qxf6+ Kh7 77. Kh2 1-0

[Event "London Classic Open 2014"]
[Site "London ENG"]
[Date "2014.12.10"]
[Round "3.9"]
[White "Salomon, Johan"]
[Black "Arkell, Keith C"]
[Result "0-1"]
[WhiteTitle "FM"]
[BlackTitle "GM"]
[WhiteElo "2343"]
[BlackElo "2489"]
[WhiteFideId "1509500"]
[BlackFideId "400270"]
[EventDate "2014.12.08"]

1. d4 Nf6 2. c4 e6 3. Nf3 b6 4. g3 Ba6 5. b3 b5 6. cxb5 Bxb5 7. Bg2 Bb4+ 8. Bd2
a5 9. O-O Bc6 10. a3 Bxd2 11. Nbxd2 O-O 12. Qc2 Bxf3 13. Bxf3 c6 14. Nc4 d5 15.
Ne5 Qb6 16. e3 Nfd7 17. Nd3 Na6 18. b4 Rfc8 19. Rfc1 Qd8 20. Kg2 g6 21. Rab1 Nb6
22. Ne5 axb4 23. axb4 Qd6 24. Be2 Nb8 25. h4 N8d7 26. Nxc6 Nc4 27. b5 Na3 28.
Qc3 Nxb1 29. Rxb1 Kg7 30. Qd2 h5 31. Bf3 Ra3 32. e4 dxe4 33. Bxe4 Nf6 34. Qe2
Nd5 35. Bxd5 Qxd5+ 36. Kg1 Rca8 37. Qe1 Qf5 38. Kg2 Rxg3+ 39. Kxg3 Ra3+ 40. Kg2
Qg4+ 41. Kf1 Rh3 42. Qe5+ Kh7 43. Ke1 Rh1+ 44. Kd2 Rxb1 45. Kc3 Qd1 0-1

[Event "London Classic Open 2014"]
[Site "London ENG"]
[Date "2014.12.10"]
[Round "3.10"]
[White "Wagner, Dennis"]
[Black "Amato, Andrea"]
[Result "1-0"]
[WhiteTitle "IM"]
[BlackTitle "FM"]
[WhiteElo "2488"]
[BlackElo "2338"]
[WhiteFideId "24650684"]
[BlackFideId "813222"]
[EventDate "2014.12.08"]

1. d4 e6 2. c4 Bb4+ 3. Nd2 d5 4. Qa4+ Nc6 5. e3 Nf6 6. Nf3 O-O 7. Be2 dxc4 8.
O-O c3 9. bxc3 Bxc3 10. Rb1 e5 11. dxe5 Nd5 12. Nc4 Bf5 13. Rxb7 Ncb4 14. Rxa7
Rb8 15. e4 Bxe4 16. Bg5 f6 17. exf6 Bxf6 18. Bxf6 Qxf6 19. Ncd2 Bc2 20. Qa5 Kh8
21. a3 Nc6 22. Qxd5 Nxa7 23. Qc5 Rbe8 24. Re1 Nc6 25. Qxc2 Nd4 26. Qd1 Rd8 27.
Qc1 Qf4 28. Bf1 c6 29. Qc5 Rd5 30. Qe7 Rdf5 31. Re4 Nxf3+ 32. Nxf3 Qc1 33. Rc4
Qd1 34. Rxc6 R5f7 35. Qxf7 1-0

[Event "London Classic Open 2014"]
[Site "London ENG"]
[Date "2014.12.10"]
[Round "3.11"]
[White "Buckley, Graeme N"]
[Black "Hector, Jonny"]
[Result "1-0"]
[WhiteTitle "IM"]
[BlackTitle "GM"]
[WhiteElo "2327"]
[BlackElo "2477"]
[WhiteFideId "402265"]
[BlackFideId "1700090"]
[EventDate "2014.12.08"]

1. d4 d5 2. c4 c6 3. Nf3 Nf6 4. Nc3 dxc4 5. a4 Bf5 6. Ne5 Nbd7 7. Nxc4 Qc7 8. g3
e5 9. dxe5 Nxe5 10. Bf4 Nfd7 11. Bg2 Be7 12. Qc1 f6 13. O-O Nc5 14. Bxe5 fxe5
15. Qe3 O-O 16. b4 Nd7 17. Ne4 Nb6 18. Nxb6 Qxb6 19. Qb3+ Kh8 20. b5 Rad8 21. e3
a5 22. Rab1 Bb4 23. bxc6 Qxc6 24. Rbc1 Qg6 25. Qc4 h6 26. h4 b6 27. Rfd1 Rxd1+
28. Rxd1 Bg4 29. Rd5 Be6 30. Qc6 Qf5 31. Rd3 Be1 32. Qc2 Rc8 33. Qd1 Bb4 34. Nd6
Bxd6 35. Rxd6 Rc2 36. Qf3 Rb2 37. h5 Rb4 38. Qa8+ Kh7 39. Rxe6 Rb1+ 40. Kh2
Qxh5+ 41. Bh3 Rb2 42. Qf8 1-0

[Event "London Classic Open 2014"]
[Site "London ENG"]
[Date "2014.12.10"]
[Round "3.12"]
[White "Schoorl, Rob"]
[Black "Zhou, Yang-Fan"]
[Result "0-1"]
[WhiteTitle "FM"]
[BlackTitle "IM"]
[WhiteElo "2327"]
[BlackElo "2477"]
[WhiteFideId "1009508"]
[BlackFideId "468584"]
[EventDate "2014.12.08"]

1. e4 c5 2. Nf3 e6 3. d4 cxd4 4. Nxd4 Nc6 5. Nc3 Qc7 6. f4 a6 7. Nxc6 Qxc6 8.
Bd3 b5 9. Qe2 Bc5 10. Bd2 Bb7 11. a3 Ne7 12. O-O-O O-O 13. Qh5 Rac8 14. g4 b4
15. axb4 Bxb4 16. f5 Qc5 17. Rhe1 Nc6 18. f6 Qxh5 19. gxh5 gxf6 20. Bh6 Kh8 21.
Rf1 Be7 22. Bxf8 Rxf8 23. Na4 Ne5 24. Nb6 d6 25. Nc4 Nxc4 26. Bxc4 Bxe4 27. Bxa6
f5 28. Bd3 d5 29. c4 Bxd3 30. Rxd3 Rc8 31. b3 dxc4 32. Rd7 cxb3+ 33. Kb1 Bf6 34.
Rxf7 Bd4 35. Rd7 Bf6 36. Rf7 Bg7 37. Rg1 Bd4 38. Rd1 Rc4 39. h6 Kg8 40. Rd7 e5
41. Rg7+ Kf8 42. Rxh7 Ra4 43. Kc1 Ra1+ 44. Kd2 b2 45. Rb7 Kg8 46. Kc2 Rxd1 47.
Kxd1 f4 48. h7+ Kh8 49. Kc2 f3 50. Rf7 e4 0-1

[Event "London Classic Open 2014"]
[Site "London ENG"]
[Date "2014.12.10"]
[Round "3.13"]
[White "Dourerassou, Jonathan"]
[Black "Maisuradze, Nino"]
[Result "1-0"]
[WhiteTitle "IM"]
[BlackTitle "WGM"]
[WhiteElo "2469"]
[BlackElo "2323"]
[WhiteFideId "628050"]
[BlackFideId "13601717"]
[EventDate "2014.12.08"]

1. e4 c5 2. Nf3 e6 3. d4 cxd4 4. Nxd4 a6 5. Nc3 b5 6. Bd3 Qb6 7. Be3 Bc5 8. Be2
Nc6 9. Nxc6 dxc6 10. Bxc5 Qxc5 11. Qd3 Nf6 12. O-O-O O-O 13. f4 e5 14. f5 a5 15.
g4 a4 16. g5 Nd7 17. f6 b4 18. fxg7 Rd8 19. Nxa4 Rxa4 20. Qb3 Rxa2 21. Qxa2 Qe3+
22. Kb1 Qxe2 23. g6 hxg6 24. Rhf1 Kxg7 25. Qxf7+ Kh6 26. Rg1 Qxe4 27. Rd6 1-0

[Event "London Classic Open 2014"]
[Site "London ENG"]
[Date "2014.12.10"]
[Round "3.14"]
[White "Holm, Kristian Stuvik"]
[Black "Bai, Jinshi"]
[Result "0-1"]
[WhiteTitle "FM"]
[BlackTitle "IM"]
[WhiteElo "2326"]
[BlackElo "2444"]
[WhiteFideId "1508083"]
[BlackFideId "8602280"]
[EventDate "2014.12.08"]

1. Nf3 c5 2. c4 Nc6 3. d4 cxd4 4. Nxd4 Nf6 5. Nc3 e6 6. a3 Nxd4 7. Qxd4 b6 8. e4
Bc5 9. Qd1 Qc7 10. Bd3 Bb7 11. Qe2 O-O 12. O-O a6 13. Kh1 Bd4 14. Bd2 d6 15.
Rac1 Nd7 16. b3 Rac8 17. Rfd1 Bf6 18. f4 Nc5 19. Bc2 Bxc3 20. Bxc3 f5 21. e5 d5
22. b4 Nd7 23. Ba4 Nb8 24. cxd5 Bxd5 25. Bb2 Qb7 26. Rxc8 Rxc8 27. Rd2 b5 28.
Bc2 Nd7 29. Bd4 Nb6 30. Bxb6 Qxb6 31. Bxf5 Rc1+ 32. Rd1 Qf2 33. Bxh7+ Kh8 34.
Qxf2 Rxd1+ 35. Qg1 Rxg1+ 36. Kxg1 Kxh7 37. g4 Kg8 38. Kf2 Kf7 39. Ke3 g6 40. Kd4
Bf3 41. g5 Ke7 42. Kc5 Kd7 43. Kb6 Be2 44. Kb7 Bf3+ 45. Kb6 Bg2 46. Kxa6 Kc6 47.
Ka5 Bf1 48. h4 Bc4 49. Ka6 Bd3 50. Ka5 Bc4 51. Ka6 Kc7 52. Ka7 Bd5 53. Ka6 Bc6
54. Ka5 Kb7 55. h5 gxh5 56. g6 Be4 57. f5 Bxf5 58. g7 Bh7 0-1

[Event "London Classic Open 2014"]
[Site "London ENG"]
[Date "2014.12.10"]
[Round "3.15"]
[White "Williams, Simon K"]
[Black "Roe, Simon J"]
[Result "1-0"]
[WhiteTitle "GM"]
[WhiteElo "2443"]
[BlackElo "2240"]
[WhiteFideId "404454"]
[BlackFideId "401471"]
[EventDate "2014.12.08"]

1. d4 d5 2. c4 e6 3. Nf3 c5 4. cxd5 exd5 5. g3 Nc6 6. Bg2 Nf6 7. O-O Be7 8. Nc3
O-O 9. Bg5 c4 10. Ne5 Be6 11. Nxc6 bxc6 12. b3 Qa5 13. Qd2 Qa6 14. Na4 cxb3 15.
Bxf6 Bxf6 16. Nc5 Qc4 17. Nxb3 Bf5 18. Rfc1 Qa4 19. e3 Rac8 20. Nc5 Qb5 21. Bf1
Qb6 22. Bd3 Bh3 23. Qe2 Be6 24. Rab1 Qd8 25. Rb7 Rc7 26. Rcb1 Bc8 27. Rb8 Qe7
28. Qf3 g6 29. g4 Bg7 30. Qf4 Rd8 31. Ra8 Be6 32. Rbb8 Rxb8 33. Rxb8+ Bf8 34.
Nxe6 fxe6 35. Rxf8+ 1-0

[Event "London Classic Open 2014"]
[Site "London ENG"]
[Date "2014.12.10"]
[Round "3.16"]
[White "Webb, Matthew D"]
[Black "McDonald, Neil"]
[Result "1/2-1/2"]
[BlackTitle "GM"]
[WhiteElo "2141"]
[BlackElo "2431"]
[WhiteFideId "418250"]
[BlackFideId "400629"]
[EventDate "2014.12.08"]

1. e4 e6 2. d4 d5 3. Nd2 Nf6 4. e5 Nfd7 5. Bd3 c5 6. c3 Nc6 7. Ne2 cxd4 8. cxd4
f6 9. Nf4 Nxd4 10. Qh5+ Ke7 11. exf6+ Nxf6 12. Ng6+ hxg6 13. Qxh8 Kf7 14. O-O e5
15. Nb3 Nxb3 16. axb3 Bf5 17. Bxf5 gxf5 18. Bg5 Be7 19. Qh3 Qd7 20. Rfc1 b6 21.
b4 Rd8 22. Ra6 1/2-1/2